[Event "POL-chT (Women) 5th"]
[Site "Wroclaw"]
[Date "2012.11.30"]
[Round "1"]
[White "Fojudzka, Anna"]
[Black "Bartel, Marta"]
[Result "1/2-1/2"]
[WhiteElo "2206"]
[BlackElo "2260"]
[PlyCount "110"]
[EventDate "2012.11.30"]
[EventType "team-tourn"]
[EventRounds "4"]
[EventCountry "POL"]
[SourceTitle "EXT 2019"]
[Source "ChessBase"]
[SourceDate "2018.10.10"]
[SourceVersion "1"]
[SourceVersionDate "2018.10.10"]
[SourceQuality "1"]
[WhiteTeam "Wroclaw Politechnika (W)"]
[BlackTeam "Lublin Drakon SKOK Chmielewskiego (W)"]
[WhiteTeamCountry "POL"]
[BlackTeamCountry "POL"]

1. e4 g6 2. d4 Bg7 3. Nf3 d6 4. Be2 c5 5. dxc5 Qa5+ 6. Bd2 Qxc5 7. Bc3 Nf6 8. Bd4 Qa5+ 9. Qd2 Qd8 10. Nc3 Nc6 11. Be3 Ng4 12. Bf4 h6 13. h3 Nge5 14. Nxe5 Nxe5 15. Be3 Be6 16. Bd4 0-0 17. f4 Nc6 18. Bxg7 Kxg7 19. g4 Qa5 20. f5 Bd7 21. Rf1 Rac8 22. 0-0-0 Ne5 23. Kb1 a6 24. h4 Bb5 25. Nxb5 Qxd2 26. Rxd2 axb5 27. f6+ exf6 28. Rxd6 Nc4 29. Rd7 b6 30. c3 Rc5 31. Rfd1 Rfc8 32. Rb7 b4 33. Bxc4 Rxc4 34. Rdd7 bxc3 35. Rxf7+ Kh8 36. bxc3 Rxc3 37. Rxb6 R3c4 38. Rfxf6 Rxe4 39. Rxg6 h5 40. Rh6+ Kg7 41. Rxh5 Rc3 42. Rg5+ Kf7 43. h5 Rh3 44. Rb3 Rh2 45. Rb7+ Ke6 46. Rg6+ Kd5 47. Rd7+ Kc5 48. Rc7+ Kd5 49. Rc1 Rb4+ 50. Ka1 Ra4 51. Rd1+ Ke5 52. Rgd6 Raxa2+ 53. Kb1 Rab2+ 54. Ka1 Ra2+ 55. Kb1 Rab2+ 1/2-1/2

[Event "BL 1112 (Women)"]
[Site "Germany"]
[Date "2012.01.22"]
[Round "7.3"]
[White "Fojudzka, Anna"]
[Black "Sharevich, Anna"]
[Result "1/2-1/2"]
[WhiteElo "2205"]
[BlackElo "2257"]
[PlyCount "64"]
[EventDate "2011.10.29"]
[EventType "team-tourn"]
[EventRounds "11"]
[EventCountry "GER"]
[SourceTitle "EXT 2013"]
[Source "ChessBase"]
[SourceDate "2012.11.22"]
[SourceVersion "1"]
[SourceVersionDate "2012.11.22"]
[SourceQuality "1"]
[WhiteTeam "Guben (W)"]
[BlackTeam "Halle Volksbank (W)"]
[WhiteTeamCountry "GER"]
[BlackTeamCountry "GER"]

1. e4 c5 2. Nf3 e6 3. d4 cxd4 4. Nxd4 a6 5. Be3 Qc7 6. c4 Nf6 7. Bd3 Bb4+ 8. Nd2 Nc6 9. Nxc6 dxc6 10. 0-0 e5 11. f3 Qe7 12. a3 Bc5 13. Qe2 Be6 14. b4 Bxe3+ 15. Qxe3 Rd8 16. Rfd1 0-0 17. Be2 Ne8 18. c5 Nc7 19. Nc4 Bxc4 20. Bxc4 Ne6 21. Bxe6 Qxe6 22. Rd3 Rd7 23. Rad1 Rfd8 24. Rxd7 Rxd7 25. Rd3 Qe7 26. Qd2 Rxd3 27. Qxd3 h5 28. h3 h4 29. Kf2 g6 30. Qd2 Kg7 31. Qd3 Qe6 32. Kg1 Qe7 1/2-1/2

[Event "POL-chT (Women) 4th"]
[Site "Wroclaw"]
[Date "2011.12.03"]
[Round "3"]
[White "Fojudzka, Anna"]
[Black "Wisniowska, Klaudia"]
[Result "1-0"]
[WhiteElo "2205"]
[BlackElo "2100"]
[PlyCount "121"]
[EventDate "2011.12.02"]
[EventType "team-swiss"]
[EventRounds "5"]
[EventCountry "POL"]
[SourceTitle "EXT 2019"]
[Source "ChessBase"]
[SourceDate "2018.10.10"]
[SourceVersion "1"]
[SourceVersionDate "2018.10.10"]
[SourceQuality "1"]
[WhiteTeam "Wroclaw AZS Politechnika (W)"]
[BlackTeam "Gorzow Wielkopolski Stilon (W)"]
[WhiteTeamCountry "POL"]
[BlackTeamCountry "POL"]

1. e4 c5 2. Nf3 d6 3. d4 cxd4 4. Nxd4 Nf6 5. Nc3 Nc6 6. Be2 e5 7. Nb3 Be7 8. Be3 Be6 9. 0-0 0-0 10. h3 a5 11. a3 a4 12. Nd2 d5 13. exd5 Nxd5 14. Nxd5 Bxd5 15. Nc4 Be4 16. Nb6 Ra5 17. f3 Bf5 18. c3 Nd4 19. cxd4 Qxb6 20. Bf2 Qxb2 21. Qe1 Raa8 22. Bc4 Bf6 23. Ra2 Qb6 24. dxe5 Qc7 25. exf6 Qxc4 26. fxg7 Rfd8 27. Qa1 Rac8 28. Re1 Be6 29. Rae2 b5 30. Qf6 Qd5 31. Re5 Qc6 32. Rh5 Bc4 33. Qh4 Bd3 34. Qg4 Qc4 35. Qg5 Re8 36. Rxe8+ Rxe8 37. Rh4 Qc3 38. Rd4 Qa1+ 39. Kh2 Qc3 40. f4 Bg6 41. Rd8 Qc6 42. Bd4 f6 43. Qxf6 Qxf6 44. Rxe8+ Bxe8 45. Bxf6 h5 46. Kg3 Bc6 47. Kf2 Bd7 48. Ke3 Bc6 49. g4 Bg2 50. gxh5 Bxh3 51. Kf3 Bf5 52. Kg3 Kf7 53. Kh4 Bh7 54. Kg5 Ke6 55. Bd4 Kf7 56. Bc3 Kg8 57. Kf6 Bd3 58. f5 Bc4 59. Ke7 Bd3 60. f6 Bc4 61. h6 1-0

[Event "POL-chT (Women) 4th"]
[Site "Wroclaw"]
[Date "2011.12.02"]
[Round "1"]
[White "Fojudzka, Anna"]
[Black "Jaracz, Barbara"]
[Result "1-0"]
[WhiteElo "2205"]
[BlackElo "2279"]
[PlyCount "101"]
[EventDate "2011.12.02"]
[EventType "team-swiss"]
[EventRounds "5"]
[EventCountry "POL"]
[SourceTitle "EXT 2019"]
[Source "ChessBase"]
[SourceDate "2018.10.10"]
[SourceVersion "1"]
[SourceVersionDate "2018.10.10"]
[SourceQuality "1"]
[WhiteTeam "Wroclaw AZS Politechnika (W)"]
[BlackTeam "Lublin Drakon SKOK Chmielewskiego (W)"]
[WhiteTeamCountry "POL"]
[BlackTeamCountry "POL"]

1. e4 c5 2. Nf3 e6 3. d4 cxd4 4. Nxd4 Nc6 5. Nc3 Qc7 6. Be2 a6 7. a4 Nf6 8. 0-0 Bb4 9. Bf3 0-0 10. Na2 Be7 11. g3 d6 12. c3 e5 13. Nc2 Be6 14. Ne3 Rad8 15. Bg2 h6 16. f4 exf4 17. gxf4 Na5 18. Nb4 Nb3 19. Ra3 Nc5 20. f5 a5 21. fxe6 axb4 22. exf7+ Rxf7 23. cxb4 Ncxe4 24. Bxe4 Nxe4 25. Rxf7 Kxf7 26. Nd5 Qd7 27. Re3 Bg5 28. Rxe4 Qf5 29. Bxg5 Qxg5+ 30. Rg4 Qe5 31. Qd3 Kg8 32. Qc3 g5 33. Qxe5 dxe5 34. Nc3 Kf7 35. Re4 Ke6 36. b5 Rd2 37. Re2 Rd4 38. Kf2 h5 39. a5 Rb4 40. b6 Kd6 41. Ne4+ Kd5 42. Nxg5 Ra4 43. Nf3 e4 44. Ng5 Rxa5 45. Nxe4 Kc6 46. Nc3 Kxb6 47. Re6+ Kc7 48. Kg3 Rg5+ 49. Kh4 Rf5 50. Re2 Kc6 51. Ne4 1-0

[Event "BL 1011 (Women)"]
[Site "Germany"]
[Date "2010.12.05"]
[Round "4.4"]
[White "Fojudzka, Anna"]
[Black "Voicu Jagodzinsky, Carmen"]
[Result "1/2-1/2"]
[WhiteElo "2221"]
[BlackElo "2313"]
[PlyCount "38"]
[EventDate "2010.11.06"]
[EventType "team-tourn"]
[EventRounds "11"]
[EventCountry "GER"]
[SourceTitle "EXT 2012"]
[Source "ChessBase"]
[SourceDate "2011.11.24"]
[SourceVersion "1"]
[SourceVersionDate "2011.11.24"]
[SourceQuality "1"]
[WhiteTeam "Guben (W)"]
[BlackTeam "Grosslehna (W)"]
[WhiteTeamCountry "GER"]
[BlackTeamCountry "GER"]

1. e4 c5 2. Nf3 e6 3. d4 cxd4 4. Nxd4 Nf6 5. Nc3 d6 6. Be3 Be7 7. Be2 Nc6 8. 0-0 0-0 9. Kh1 Bd7 10. Qe1 Nxd4 11. Bxd4 Bc6 12. Bd3 e5 13. Be3 d5 14. exd5 Nxd5 15. Nxd5 Qxd5 16. f3 Qe6 17. Qe2 Rfd8 18. b3 b6 19. Rad1 h6 1/2-1/2

[Event "BL2 Ost 0910 (Women)"]
[Site "Germany"]
[Date "2009.12.05"]
[Round "3.2"]
[White "Nuenchert, Eveline"]
[Black "Fojudzka, Anna"]
[Result "1/2-1/2"]
[WhiteElo "2114"]
[BlackElo "2227"]
[PlyCount "75"]
[EventDate "2009.11.07"]
[EventType "team-tourn"]
[EventRounds "7"]
[EventCountry "GER"]
[SourceTitle "CBM 133 Extra"]
[Source "ChessBase"]
[SourceDate "2010.01.05"]
[SourceVersion "1"]
[SourceVersionDate "2010.01.05"]
[SourceQuality "1"]
[WhiteTeam "Potsdam (W)"]
[BlackTeam "Guben (W)"]
[WhiteTeamCountry "GER"]
[BlackTeamCountry "GER"]

1. Nf3 d5 2. g3 g6 3. Bg2 Bg7 4. 0-0 e5 5. d3 Ne7 6. Nbd2 0-0 7. e4 c6 8. Qe2 Qc7 9. Re1 d4 10. Nf1 c5 11. Nh4 Nbc6 12. f4 Bd7 13. h3 Rae8 14. Qf2 f5 15. exf5 Nxf5 16. Nf3 Nd6 17. fxe5 Nxe5 18. Bf4 Nxf3+ 19. Qxf3 Bc6 20. Qg4 Bxg2 21. Kxg2 Qc6+ 22. Kg1 Nf5 23. Qd1 h6 24. Bd2 Be5 25. Re4 Bxg3 26. Qe2 Bc7 27. Qg2 Rxe4 28. Qxe4 Qd6 29. Re1 Ng3 30. Qg2 Nxf1 31. Rxf1 Rxf1+ 32. Kxf1 Qf6+ 33. Ke2 Qe5+ 34. Kf1 Qh5 35. Ke1 Qh4+ 36. Kd1 Qh5+ 37. Kc1 Qf5 38. Bxh6 1/2-1/2